000 01226cam a2200325 a 4500
999 _c17727
_d17727
001 4377574
003 BDDh-ASL
005 20231015025630.0
008 910212s1991 nyua b 000 0 eng
010 _a 91009523
020 _a1563240041 (hard)
020 _a156324005X (pbk.)
040 _aDLC
_cDLC
_dBDDh-ASL
041 1 _aeng
_hper
050 0 0 _aB753.G33
_bK413 1991
082 0 0 _a297.5
_220
_bGHA
100 1 _aAbu Hamid Muhammad al-Ghazzali
_d1058-1111.
_9608
240 1 0 _aKīmiyā-yi saʻādat.
_kSelections.
_lEnglish
245 1 4 _aThe alchemy of happiness /
_cAbû Ḥamid Muḥammad al-Ghazzâlî; translated by Claud Field ; revised and annotated by Elton L. Daniel.
260 _aArmonk, N.Y. :
_bM.E. Sharpe,
_cc1991.
300 _axliii, 112 p. :
_bill. ;
_c24 cm.
440 0 _aSources and studies in world history
500 _aTranslations of: Kīmiyā-yi saʻādat.
504 _aIncludes bibliographical references.
650 0 _aIslamic ethics
_xEarly works to 1800.
700 1 _aField, Claud,
_d1863-1941.
906 _a7
_bcbc
_corignew
_d1
_eocip
_f19
_gy-gencatlg
942 _2ddc
_cBK